| 000 | 00586nam a22001937a 4500 | ||
|---|---|---|---|
| 003 | CEME | ||
| 005 | 20210628203615.0 | ||
| 008 | 210317b xxu||||| |||| 00| 0 eng d | ||
| 020 | _a0-471-51988-X | ||
| 040 | _c. | ||
| 082 | _a658.562 MON'I | ||
| 100 |
_aMontgomery, Douglas C _918348 |
||
| 245 | _aIntroduction to statistical quality control | ||
| 250 | _a2ND | ||
| 260 |
_aNEWYORK _bJOHN WILEY _c1990 |
||
| 300 | _a674P | ||
| 650 |
_aQUALITY CONTROL STATISTICAL METHOD PROCESSES CONTROL STATISTICAL METHODS.INTRODUCTION TO STATISTICAL QUALITY CONTROL _966522 |
||
| 942 |
_cBK _2ddc |
||
| 999 |
_c574486 _d574486 |
||